Beers of the World Quiz Stats

 Plays Quiz Updated Jul 13, 2016

Score 0/24 Timer 06:00
0 Plays Today
Beer Country % Correct
FostersAustralia
90.6%
CoorsUnited States
84.4%
GuinnessIreland
83.6%
Dos EquisMexico
77.3%
TsingtaoChina
67.6%
MolsonCanada
66.8%
PeroniItaly
64.7%
Red StripeJamaica
63.9%
Kirin IchibanJapan
61.5%
Stella ArtoisBelgium
59.9%
BoddingtonsUnited Kingdom
48.4%
CarlsbergDenmark
44.1%
Beer Country % Correct
GrolschThe Netherlands
33.9%
Hacker-PschorrGermany
33.2%
SinghaThailand
31.5%
Pilsner UrquellCzechia
31.1%
BeerlaoLaos
26.6%
BaltikaRussia
24.8%
BrahmaBrazil
15.8%
CastleSouth Africa
14.3%
San MiguelPhilippines
9.7%
TuskerKenya
9.4%
TuiNew Zealand
8.3%
CassSouth Korea
4.6%

You're not logged in!

Compare scores with friends on all Sporcle quizzes.
OR
Log In

Sporcle TV

Today on Sporcle TV


Watch our educational content, quiz creation guides, and fun videos on Sporcle TV.

Show Comments

Extras

Top Quizzes Today


Score Distribution

Your Account Isn't Verified!

In order to create a playlist on Sporcle, you need to verify the email address you used during registration. Go to your Sporcle Settings to finish the process.

Report this User

Report this user for behavior that violates our Community Guidelines.

Details: